| 000 | 02084cam a22003854a 4500 | ||
|---|---|---|---|
| 001 | 3103114 | ||
| 005 | 20221222182121.0 | ||
| 008 | 990510s1999 maua bi 101 0 eng | ||
| 010 | _a 99023737 | ||
| 020 | _a0412847906 (acidfree paper) | ||
| 035 | _a(DLC) 99023737 | ||
| 040 |
_aDLC _cDLC _dDLC |
||
| 042 | _apcc | ||
| 050 | 0 | 0 |
_aTK5103.59 _b.I59 1998 |
| 082 | 0 | 0 |
_a621.3827,OPT _221 |
| 111 | 2 |
_aInternational Working Conference on Optical Network Design and Modelling _n(2nd : _d1998 : _cRome, Italy) _9105703 |
|
| 245 | 1 | 0 |
_aOptical networks : _bdesign and modelling : IFIP TC6 Second International Working Conference on Optical Network Design and Modelling (ONDM '98), February 9-11, 1998, Rome, Italy / _cedited by Giancarlo de Marchis, Roberto Sabella. |
| 260 |
_aBoston : _bKluwer Academic, _cc1999. |
||
| 300 |
_a186 p. : _bill. ; _c26 cm. |
||
| 490 | 1 |
_aThe International Federation for Information Processing ; _v19 |
|
| 505 | _aPart 1: Routing Algorithms for Optical Networks (Page-1), Part 2: Wavelegth Conversion and Assigment (Page-23), Part 3: Optical Technologies for local and Acess Networks (Page-45), Part 4: Transmission in Optical Transport Network II (Page-101), Part 6: Traffic Modelling (Page-121), Part 7: Advanced Topics in Optical Netwoks (Page-147). | ||
| 650 | 0 |
_aOptical communications _vCongresses. _9105704 |
|
| 650 | 0 |
_aFiber optics _vCongresses. _9105705 |
|
| 650 | 0 |
_aComputer networks _vCongresses. _9105706 |
|
| 650 | 0 |
_aOptoelectronics _vCongresses. _9105707 |
|
| 700 | 1 |
_aDe Marchis, Giancarlo. _998087 |
|
| 700 | 1 |
_aSabella, Roberto. _9105708 |
|
| 710 | 2 |
_aInternational Federation for Information Processing. _bTechnical Committee 6. _9105709 |
|
| 830 | 0 |
_aInternational Federation for Information Processing (Series) ; _v19. _986778 |
|
| 856 | 4 | 2 |
_3Publisher description _uhttp://www.loc.gov/catdir/enhancements/fy0820/99023737-d.html |
| 856 | 4 | 1 |
_3Table of contents only _uhttp://www.loc.gov/catdir/enhancements/fy0820/99023737-t.html |
| 906 |
_a7 _bcbc _corignew _d1 _eocip _f19 _gy-gencatlg |
||
| 942 |
_2ddc _cBK |
||
| 999 |
_c592793 _d592793 |
||